Statistics for Daft Punk Ft Julian Casablancas - Instant Crush (All lyrics)

Click here to take the quiz!

General Stats

  • This quiz has been taken 85 times
  • The average score is 358 of 497

Answer Stats

Answer% Correct
I
100%
"I
100%
a-
97%
a
97%
A
97%
be
94%
to
93%
never
91%
you
91%
You
91%
the
90%
The
90%
We
90%
we
90%
when
90%
When
90%
an
88%
It
88%
it,
88%
it
88%
again
85%
on
85%
do
84%
no
84%
that
84%
and
82%
And
82%
want
82%
every
81%
will
81%
alone
79%
didn't
79%
for
79%
one
79%
One
79%
thought
79%
all
78%
friend
78%
get
78%
is
78%
time
78%
wanna
78%
Can
76%
can
76%
day
76%
forget
76%
go
76%
'Cause
75%
give
75%
in
75%
Now
75%
now
75%
of
75%
so
75%
So
75%
any
73%
doesn't
73%
don't
73%
my
73%
with
73%
anymore
72%
anymore,
72%
away?
72%
away
72%
know
72%
what
72%
where
72%
But
70%
it's
70%
little
70%
say
70%
up
70%
your
70%
happen
69%
He
69%
he
69%
or
69%
really
69%
then
69%
listen
67%
mine"
67%
more
66%
Take
66%
take
66%
being
64%
me,
64%
me
64%
about
63%
because
63%
I'd
63%
myself
63%
problems,
61%
see
61%
everything
60%
Kinda
60%
listened
60%
regret
60%
counted
58%
said
58%
thing
58%
us
58%
last
57%
like
57%
place
54%
same
52%
chained
51%
hear
51%
if
51%
oh
49%
oh-
49%
oh,
49%
door
48%
his
48%
I'm
48%
matter
48%
That's
48%
wanted
48%
you're
48%
head
46%
look
46%
need
46%
off
46%
sing
46%
Some
46%
this
46%
believe
45%
ground
45%
just
45%
would
45%
around,
43%
gives
43%
they
43%
got
42%
lips
42%
picture
42%
saw
42%
once
40%
Roche
40%
made
39%
memory
39%
not
39%
stars
39%
dog
37%
him,
37%
looked
37%
offer
37%
ran
37%
'round
37%
understand,
37%
unlocks
37%
someone
36%
try
36%
We're
36%
dies
34%
kids
34%
lonely
34%
thousand
34%
wall
34%
fall
33%
too
33%
upset
33%
road
31%
Cracks
30%
easy
30%
through
30%
at
28%
break
28%
down
28%
else
28%
long
28%
sees
28%
cold
27%
disguise
27%
hard
27%
hiding
27%
lies
27%
right
27%
summer
27%
seam
25%
scissors
24%
runs
22%
worked
22%
asks
21%
cannot
21%
swimming
21%

Score Distribution

Percentile by Number Answered

Percent of People with Each Score

Your Score History

You have not taken this quiz